00261nam a2200121Ia 45000030006000000080041000060400015000471000017000622450022000792600009001015460012001100050017001220STCL150530s9999 xx 000 0 und d aSTCLcSTCL aJohn Cheever aWapshot chronicle c1964 aEnglish20220125171345.0